• 首页
  • 本馆介绍
  • 公告通知
  • 最新文献
  • 馆藏检索
  • 电子资源
  • 读者导购
  • 参考咨询
  • 我的图书馆
  • 登录
  • 详细信息显示
  • 放入我的书架
  • 预约/预借图书
  • 作者相关作品
  • 分类相关作品
  • 丛书相关作品
  • 出版社相关作品

书目信息

  • 表格格式
  • 工作单格式
  • 卡片格式
题名:
中国经济地理基础知识300条
    
 
作者: 驰捷 编
分册:  
出版信息: 北京   经济科学出版社  1985
页数: 282页
开本: 19cm
丛书名:
单 册:
中图分类: F129.9
科图分类:
主题词: 经济地理--中国
电子资源:
ISBN:
000 00652nam0 2200241 45
001 0185018327
005 20040425081419.3
010    @dCNY1.50
091    @a4312.90
100    @a19951012d1985 em y0chiy0121 ea
101 0  @achi
102    @aCN@b110000
105    @ay z 000yy
106    @ar
200 10 @a中国经济地理基础知识300条@Azhong guo jing ji di li ji chu zhi shi 300 tiao@f驰捷编
210    @a北京@c经济科学出版社@d1985
215    @a282页@d19cm
606    @a经济地理@y中国
690    @aF129.9@v3
701  0 @a驰捷@4编@Achi jie
801  0 @aCN@b深圳图书馆@c20040425
801  2 @aCN@bNLC@c20040425
905    @f4@b149221-224@dF129.9@e28
    
    中国经济地理基础知识300条/驰捷编.-北京:经济科学出版社,1985
    282页;19cm
    
    
    ISBN :CNY1.50
    
●
相关链接 在E读中查询图书 在五车中查询图书 在当当中查询图书 在豆瓣中查询图书


正题名:中国经济地理基础知识300条     索取号:F129.9/28         预约/预借

序号 登录号 条形码 馆藏地/架位号 状态 备注
1 0149221   000202051   第一借阅区/ [索取号:F129.9/28] 在馆    
2 0149222   000202015   密集书库/ [索取号:F129.9/28] 在馆    
3 0149223   000201971   密集书库/ [索取号:F129.9/28] 在馆    
4 0149224   000201784   密集书库/ [索取号:F129.9/28] 在馆    
5 0149225   002057758   第一样本阅览室/ [索取号:F129.9/28] 在馆    
唐山师范学院图书馆 欢迎您!
大连网信软件有限公司© 版权所有